01107 2200205 4500001002100000005001500021035002000036008004100056245006600097100001900163250000600182260003800188300001200226084001400238082000800252650001000260520060700270990001200877990001200889INLIS00000000000090720240603092119 a0010-0524000142240603 1 ind 1 aThe Great Escaper; Kisah Hidup Roger Bushell /cSimon Pearson aPearson, Simon a1 aYogyakarta :bSheila/ Andi,c2013 a664 hlm a813 SIM t a813 4aFiksi aMenceritakan tentang Roger Bushell yang merupakan aktor intelektual kasus pelarian besar-besaran dari Stalag Luft III pada Maret 1944, ia dijuluki Big X . Kisahnya juga diabadikan dalam film berjudul The Great Escape. Diceritakan kisah hidup Bushell yang lahir di Afrika Selatan pada tahun 1910. Bushell merupakan anak dari seorang insinyur pertambangan Inggris. Di umurnya yang ke-29, Bushell menjadi seorang advokat di London. Dia memiliki reputasi yang baik karena berhasil membela mereka yang lemah dan kurang beruntung. Dia juga terkenal sebagai juara ski internasional dan pilot pesawat tempur. a0741414 a0741415